| 000 | 00596nam a22002177a 4500 | ||
|---|---|---|---|
| 005 | 20170124110035.0 | ||
| 010 | _aA-447050 | ||
| 020 | _c00.00 | ||
| 035 | _aA-447050 | ||
| 037 | _bCen Lib/Ret | ||
| 040 |
_aDPL _bEN |
||
| 082 |
_a336 _bPRE |
||
| 100 |
_aPrest, A. R _922590 |
||
| 245 |
_aPublic finance in under-developed countries / _cby A. R. Prest |
||
| 260 |
_aBombay _bAllied Publishers _c1962 |
||
| 300 |
_a164p. _c21cm(Hb) |
||
| 500 | _aIncludes index | ||
| 650 |
_aDeveloping countries _96550 |
||
| 650 |
_aFinance, Public _910342 |
||
| 942 |
_2ddc _cEN _h336 _mPRE |
||
| 999 |
_c128169 _d128169 |
||